| 000 | 01789nam a22003614a 4500 | ||
|---|---|---|---|
| 001 | ebr10338433 | ||
| 003 | CaPaEBR | ||
| 006 | m u | ||
| 007 | cr cn||||||||| | ||
| 008 | 090123s2009 dcu sb 001 0 eng | ||
| 010 | _z 2009002997 | ||
| 020 | _z9780815702887 (cloth : alk. paper) | ||
| 020 | _z9780815702894 (pbk. : alk. paper) | ||
| 040 |
_aCaPaEBR _cCaPaEBR |
||
| 035 | _a(OCoLC)503441835 | ||
| 043 | _an-us--- | ||
| 050 | 1 | 4 |
_aJK521 _b.R44 2009eb |
| 082 | 0 | 4 |
_a324.273/015 _222 |
| 245 | 0 | 0 |
_aReforming the Presidential nomination process _h[electronic resource] / _cSteven S. Smith and Melanie J. Springer, editors. |
| 260 |
_aWashington, D.C. : _bBrookings Institution Press, _cc2009. |
||
| 300 | _axiv, 205 p. | ||
| 504 | _aIncludes bibliographical references and index. | ||
| 520 | _a"Looks at the presidential nomination process--the ways in which it is broken and how it might be fixed. Addresses the selection process: the importance--and perceived unfairness--of the earliest primaries, media coverage and public endorsements, 'superdelegates.' Evaluates public perceptions of the current process as well as possible reforms"--Provided by publisher. | ||
| 533 |
_aElectronic reproduction. _bPalo Alto, Calif. : _cebrary, _d2013. _nAvailable via World Wide Web. _nAccess may be limited to ebrary affiliated libraries. |
||
| 650 | 0 |
_aPresidents _zUnited States _xNomination. |
|
| 650 | 0 |
_aNominations for office _zUnited States. |
|
| 650 | 0 |
_aPrimaries _zUnited States. |
|
| 655 | 7 |
_aElectronic books. _2local |
|
| 700 | 1 |
_aSmith, Steven S., _d1953- |
|
| 700 | 1 | _aSpringer, Melanie J. | |
| 710 | 2 | _aebrary, Inc. | |
| 856 | 4 | 0 |
_uhttp://site.ebrary.com/lib/rucke/Doc?id=10338433 _zAn electronic book accessible through the World Wide Web; click to view |
| 999 |
_c158262 _d158262 |
||